000 00370pab a2200157 454500
008 180718b1998 xxu||||| |||| 00| 0 eng d
100 _aBhadauria, Mridula
245 _aTargeting women for development
260 _c1998
300 _ap.1-6
362 _a23 Nov
650 _aWomen and development
650 _aWomen
773 _aUniversity News
909 _a39572
999 _c39572
_d39572